[Event "European Senior Teams Chess Championshi"]
[Site "Rogaska Slatina"]
[Date "2012.04.04"]
[Round "9.22"]
[White "Bue, Gunnar"]
[Black "Mai, Hartmut"]
[Result "1/2-1/2"]
[WhiteElo "1719"]
[BlackElo "1937"]
[PlyCount "55"]
[EventDate "2012.03.27"]
[WhiteTeam "NOR 4"]
[BlackTeam "GER - STIFTUNG BSW/DBAG"]

1. d4 d5 2. c4 c6 3. Nf3 Nf6 4. e3 Qb6 5. Bd3 Bg4 6. h3 Bh5 7. Nc3 Bg6 8. O-O
e6 9. cxd5 exd5 10. Ne5 Bxd3 11. Qxd3 Bd6 12. e4 dxe4 13. Nxe4 Nxe4 14. Qxe4
O-O 15. Nc4 Qc7 16. Nxd6 Qxd6 17. Bf4 Qb4 18. Rfe1 Na6 19. b3 Rad8 20. Rad1 Rd5
21. Qe7 h6 22. Qxb4 Nxb4 23. Re7 Rfd8 24. Rxb7 Rxd4 25. Rxd4 Rxd4 26. Be3 Rd1+
27. Kh2 Nxa2 28. Rxa7 1/2-1/2

[Event "European Senior Teams Chess Championshi"]
[Site "Rogaska Slatina"]
[Date "2012.04.04"]
[Round "9.22"]
[White "Fernengel, Rudolf"]
[Black "Johansen, Bjorn"]
[Result "0-1"]
[WhiteElo "1833"]
[BlackElo "1716"]
[PlyCount "140"]
[EventDate "2012.03.27"]
[WhiteTeam "GER - STIFTUNG BSW/DBAG"]
[BlackTeam "NOR 4"]

1. d4 d5 2. g3 Nf6 3. Bg2 e6 4. Nf3 Be7 5. Nbd2 c5 6. c3 Nc6 7. e3 Qc7 8. Ke2
b6 9. Qa4 Bd7 10. Qc2 Rc8 11. Nb3 a5 12. a4 e5 13. dxe5 Nxe5 14. Nxe5 Qxe5 15.
Re1 Qh5+ 16. Bf3 Bg4 17. Nd2 Qxh2 18. Qd1 Qh5 19. Rh1 Qf5 20. Ke1 Rd8 21. Qe2
c4 22. Rh4 Bxf3 23. Nxf3 Ng4 24. Nd4 Qxf2+ 25. Qxf2 Nxf2 26. Kxf2 Bxh4 27. gxh4
O-O 28. Bd2 Rfe8 29. Rh1 h5 30. Rg1 Re4 31. Nf3 f6 32. Rg3 Kf7 33. Rh3 Rde8 34.
Nd4 g6 35. Ne2 b5 36. axb5 Rb8 37. Nd4 a4 38. Rh1 Rb7 39. Kg3 Rxd4 40. exd4
Rxb5 41. Bc1 Rb6 42. Re1 Rb7 43. Rf1 Rb6 44. Rf2 Re6 45. Bd2 Kg7 46. Bf4 Ra6
47. Rc2 Re6 48. Rc1 Ra6 49. Ra1 Kf7 50. Kf3 Ke6 51. Be3 Kf5 52. Ke2 Kg4 53.
Rg1+ Kf5 54. Kd2 a3 55. Kc2 a2 56. Ra1 Ke4 57. Bc1 f5 58. b3 f4 59. bxc4 dxc4
60. Bb2 f3 61. Kd2 Kf4 62. Ke1 Kg3 63. Kf1 Kxh4 64. Kf2 Kg4 65. Rg1+ Kf4 66.
Bc1+ Ke4 67. Re1+ Kd3 68. Bb2 Kc2 69. d5 g5 70. Re6 Ra5 0-1

[Event "European Senior Teams Chess Championshi"]
[Site "Rogaska Slatina"]
[Date "2012.04.04"]
[Round "9.23"]
[White "Patola, Eero"]
[Black "Scholes, James E"]
[Result "0-1"]
[WhiteElo "1930"]
[BlackElo "2100"]
[PlyCount "90"]
[EventDate "2012.03.27"]
[WhiteTeam "FIN - HELSINKI"]
[BlackTeam "ENG 3"]

1. e4 c5 2. c4 Nc6 3. Nc3 g6 4. g3 Bg7 5. Bg2 e5 6. d3 d6 7. h3 h6 8. Nge2 Be6
9. O-O Qd7 10. Kh2 Nge7 11. f4 f5 12. Rb1 O-O 13. a3 Rac8 14. exf5 Nxf5 15. Nd5
Nce7 16. Nec3 b6 17. b4 Kh7 18. b5 Nxd5 19. Nxd5 Ne7 20. Nxe7 Qxe7 21. Qe2 Rce8
22. a4 Qd8 23. Bc6 Bd7 24. Qg2 Bxc6 25. Qxc6 exf4 26. Bxf4 Re2+ 27. Kh1 Rf6 28.
Rbd1 Qe7 29. Qd5 g5 30. Bc1 Qf8 31. Rxf6 Qxf6 32. g4 Qf2 33. Qf5+ Qxf5 34. gxf5
Be5 35. Kg1 Bd4+ 36. Kh1 Kg7 37. Rf1 Kf6 38. h4 Be3 39. hxg5+ hxg5 40. Bxe3
Rxe3 41. Rd1 Kxf5 42. d4 Ra3 43. dxc5 dxc5 44. Kg2 Rxa4 45. Rc1 Ke4 0-1

[Event "European Senior Teams Chess Championshi"]
[Site "Rogaska Slatina"]
[Date "2012.04.04"]
[Round "9.23"]
[White "Kendall, Paul S N"]
[Black "Laitinen, Martti"]
[Result "1-0"]
[WhiteElo "2042"]
[BlackElo "1808"]
[PlyCount "57"]
[EventDate "2012.03.27"]
[WhiteTeam "ENG 3"]
[BlackTeam "FIN - HELSINKI"]

1. e4 c5 2. Nc3 Nc6 3. f4 d6 4. Bb5 Bd7 5. Nf3 e6 6. O-O Be7 7. Bxc6 Bxc6 8. d3
Nf6 9. Qe1 O-O 10. Qg3 Nh5 11. Qh3 g6 12. Bd2 f5 13. Rae1 Ng7 14. Rf2 b5 15.
Rfe2 fxe4 16. Nxe4 Bxe4 17. dxe4 b4 18. Be3 Qc7 19. f5 exf5 20. Bh6 Rf7 21.
Bxg7 Rxg7 22. exf5 Rf8 23. fxg6 hxg6 24. Re6 Bf6 25. Qg4 a5 26. Qc4 Kh8 27.
Rxf6 Rxf6 28. Re8+ Kh7 29. Qh4# 1-0

[Event "European Senior Teams Chess Championshi"]
[Site "Rogaska Slatina"]
[Date "2012.04.04"]
[Round "9.23"]
[White "Wood, Peter R"]
[Black "Pitkanen, Juhani"]
[Result "1-0"]
[WhiteElo "1890"]
[BlackElo "1715"]
[PlyCount "121"]
[EventDate "2012.03.27"]
[WhiteTeam "ENG 3"]
[BlackTeam "FIN - HELSINKI"]

1. e4 c5 2. Nc3 e6 3. g3 a6 4. Bg2 b5 5. a3 Bb7 6. d3 Nf6 7. f4 d5 8. e5 Nfd7
9. Nce2 Qc7 10. Nf3 Nc6 11. O-O Be7 12. c3 O-O 13. d4 Rac8 14. Be3 cxd4 15.
Nexd4 Nxd4 16. Nxd4 Bc5 17. Kh1 Nb6 18. b3 Nd7 19. Qe2 Be7 20. Bd2 Bc5 21. h3
Bxd4 22. cxd4 Qb6 23. Bb4 Rfe8 24. Qd2 Rc6 25. Rfc1 Rec8 26. Rxc6 Qxc6 27. Ra2
Qc7 28. Bf1 Qc1 29. Kg2 f6 30. Bd3 Qxd2+ 31. Bxd2 f5 32. g4 g6 33. a4 bxa4 34.
Rxa4 Rc6 35. Kf3 Nb6 36. Ra1 Nd7 37. gxf5 gxf5 38. h4 Kf7 39. Ke3 Nb8 40. Ba5
Nd7 41. Kd2 Ke7 42. Rg1 Kf7 43. Be2 Nf8 44. h5 Rc8 45. Bb4 Rc7 46. Bd6 Rc8 47.
Rg3 a5 48. Rc3 Rxc3 49. Kxc3 Bc6 50. Bc7 a4 51. b4 h6 52. b5 Bb7 53. Kb4 a3 54.
Kxa3 Ke8 55. Kb4 Kd7 56. Bd6 Nh7 57. Kc5 Kc8 58. b6 Kd7 59. Bb5+ Kc8 60. Be8
Kd8 61. Bg6 1-0